U.S. State Capitals Where it Doesn't Snow - Statistics

General Stats
  • This quiz has been taken 51,421 times
    51,201 since last reset
  • The average score is 6 of 9
Answer Stats
Inches State Capital City % Correct
0.6 Texas Austin
88%
0 Arizona Phoenix
87%
0 Florida Tallahassee
83%
0 California Sacramento
80%
0 Hawaii Honolulu
79%
0.2 Louisiana Baton Rouge
70%
0.9 Mississippi Jackson
69%
0.4 Alabama Montgomery
57%
0.5 South Carolina Columbia
38%
No matching quizzes found
Score Distribution
Percent of People with Each Score
Percentile by Number Answered
Your Score History
You have not taken this quiz since the last reset